000 00346nam a2200157Ia 4500
100 _aYashavant/Kanetkar
650 _aComputers
250 _a6
942 _cBK
654 _aC
245 _aLet us C:Covers C under windows and Linux
260 _bBPB
_aNew Delhi
_c2005
082 _a005.133 C/YAS
_bYAS
300 _a756
546 _aENGLISH
999 _c19498
_d19498